Normal view
MARC view
- Tabassum,Ambreen
Entry Personal Name
001 - CONTROL NUMBER
- control field: 5075
003 - CONTROL NUMBER IDENTIFIER
- control field: NUST
005 - DATE AND TIME OF LATEST TRANSACTION
- control field: 20170928130425.0
008 - FIXED-LENGTH DATA ELEMENTS
- fixed length control field: 170928|| aca||aabn | a|a d
040 ## - CATALOGING SOURCE
- Original cataloging agency: NUST
- Transcribing agency: NUST
100 ## - HEADING--PERSONAL NAME
- Personal name: Tabassum,Ambreen
670 ## - SOURCE DATA FOUND
- Source citation: Work cat.: (NUST): Tabassum,Ambreen, Inflation and growth: exploring the significance of threshold level of inflation for the saarc region , 2013
